00514nam a2200169Ia 4500003000400000008004100004040001600045082001800061100002000079245006000099260005100159300001000210650002800220650002600248650003600274650003400310GCL140319s9999 xx 000 0 eng d aGCL / cGCL04a327.1241bH I1 aHERMAN, MICHAEL10aINTELLIGENCE POWER IN PEACE AND WAR / cHERMAN, MICHAEL a[S.N] : bCAMBRIDGE UNIVERSITY PRESS ، c1996 a414 P04aINTERNATIONAL RELATIONS04aINTELLIGENCE SERVICES04aINTELLIGENCE SERVICES - BRITIAN04aINTELLIGENCE SERVICES - U.S.A